Apprendre à l'université (Record no. 56616)

MARC details
000 -LEADER
fixed length control field 00704nam a22002297a 4500
003 - CONTROL NUMBER IDENTIFIER
control field 00
005 - DATE AND TIME OF LATEST TRANSACTION
control field 20170712155728.0
008 - FIXED-LENGTH DATA ELEMENTS--GENERAL INFORMATION
fixed length control field 170712b xxu||||| |||| 00| 0 eng d
020 ## - NUMERO INTERNATIONAL NORMALISE DES LIVRES
International Standard Book Number 978-2-8041-9417-8
022 ## - NUMERO INTERNATIONAL NORMALISE DES PUBLICATIONS EN SERIE
International Standard Serial Number 0777-5245
040 ## - SOURCE DU CATALOGAGE
Original cataloging agency BUAC
Language of cataloging Fre
Transcribing agency BUC
100 ## - VEDETTE PRINCIPALE - NOM DE PERSONNE
Personal name Paivandi, Saeed
245 ## - TITLE STATEMENT
Title Apprendre à l'université
Statement of responsibility, etc / par Saeed Paivandi
260 ## - PUBLICATION, DISTRIBUTION, ETC. (IMPRINT)
Place of publication, distribution, etc Bruxelles :
Name of publisher, distributor, etc De Boeck,
Date of publication, distribution, etc 2015
300 ## - PHYSICAL DESCRIPTION
Extent 255 p.
Other physical details couv. ill. en coul. ;
Dimensions 24 cm.
440 ## - SERIES STATEMENT/ADDED ENTRY--TITLE
Title (Collection Pédagogies en développement / par Jean-Marie De Ketele)
500 ## - GENERAL NOTE
General note Comprend index
630 ## - SUBJECT ADDED ENTRY--UNIFORM TITLE
Uniform title SCIENCES SOCIALES
650 ## - SUBJECT ADDED ENTRY--TOPICAL TERM
Topical term or geographic name as entry element Université : étude
653 ## - INDEX TERM--UNCONTROLLED
Uncontrolled term Enseignement supérieur et étudiant
942 ## - ADDED ENTRY ELEMENTS (KOHA)
Koha item type Libre Accès
Holdings
Withdrawn status Lost status Damaged status Not for loan Location (home branch) Sublocation or collection (holding branch) Shelving location Date acquired Source of acquisition Coded location qualifier Koha issues (times borrowed) Koha full call number Piece designation (barcode) Koha date last seen Copy number Price effective from Koha item type
        Bibliothèque Universitaire Centrale Bibliothèque Universitaire Centrale   12/07/2017 Don ARES 17/007   378.32 PAI 17-007BUC 12/07/2017 01 12/07/2017 Libre Accès


© 2008, Bibliothèques de l'Université d'Abomey-Calavi

04 BP 789 Cotonou, Tél. : +229 21 36 01 01, Fax : +229 21 35 06 32

Courriel : bu@bu.uac.bj